000 00408nam a2200181Ia 4500
001 10156
005 20260306161811.0
008 260306t1970||||xx |||||||||||||| ||spa||
041 _aESP
082 _a901
_bT869 V. 1
100 _aToynbee, Arnold J.
_eAUT
245 0 _aEstudio de la historia
260 _c1970
300 _a
_c18 cm.
650 _aGEN
654 _aCHU
942 _cLIB
_dJUS
_fJUS
_2ddc
_n
999 _c10156
_d10156